China Borders by Capital - Statistics

General Stats
  • This quiz has been taken 13 times
  • The average score is 9 of 15
Answers on the Map
Answers color-coded by a green-red scale on the quiz's map according to % correct below.
 
Answer Stats
Answer % Correct
Hanoi
82%
New Delhi
82%
Pyongyang
82%
Beijing
73%
Moscow
73%
Ulaanbaatar
73%
Astana
55%
Bishkek
55%
Islamabad
55%
Kabul
55%
Kathmandu
55%
Naypyidaw
55%
Thimphu
55%
Vientiane
55%
Dushanbe
45%
No matching quizzes found
Score Distribution
Percent of People with Each Score
Percentile by Number Answered
Your Score History
You have not taken this quiz